| 000 | 00906nam a22002057a 4500 | ||
|---|---|---|---|
| 999 |
_c17458 _d17458 |
||
| 003 | AR-CdUCM | ||
| 008 | 190508b ||||| |||| 00| 0 spa d | ||
| 040 |
_aMUNICIPALIDAD PROVINCIAL DEL CUSCO _cBIBLIOTECA MUNICIPAL DEL CUSCO |
||
| 082 |
_a508.2 / _bG36 |
||
| 100 |
_aJander, Gerhart _937489 |
||
| 245 |
_aAnálisis volumétrico : _bTeoría y práctica de los procedimientos de valoración clásicos y electroquímicos / |
||
| 260 |
_aMéxico : _bUTEHA, _c1961. |
||
| 300 |
_a400 paginas ; _c18 cm. |
||
| 505 | _aContenido :Bases practicas del análisis volumetrico --Los métodos volumetricos clásicos --Los análisis por neutralización --Análisis por precipitación y por formación de complejos ... | ||
| 650 |
_aAnálisis volumétrico _937490 |
||
| 650 |
_aQuímica analítica cuantitativa _922746 |
||
| 700 |
_aJahr, Karl Friederich _937491 |
||
| 942 |
_2ddc _cLIBROS |
||
| 945 |
_arjall _d2019-05-08 |
||